000 00564cab a22002055a 4500
001 L157811
008 130529e20130504xxk 000 0 eng d
035 _a(Sirsi) u157811
041 0 _aeng
100 1 _aBowman, John
245 0 0 _aCPO
_bPowers, procedures and pitfalls
260 _c2013
490 _aEstates Gazette
_v(1318) 4 May 2013, 96-97(2)
520 _aMainly for Students article explains about compulsory purchase.
590 _aKA
651 4 _aUnited Kingdom
690 _aCompulsory purchase
_96228
700 1 _aMurray, Emily
942 _n0
999 _c84468
_d84468